000 00528nam a2200145 a 4500
008 120416s1962 ||||||||||||||||| || u
050 _aTA 357 Gil
100 _aGiles, Ranald V
245 1 0 _aSchaum's outline of theory and problems of fluid mechanics and hydraulics
250 _a2nd ed
260 _aNew York
_bMcGraw-Hill
_c1962
300 _a274p. : ill.
350 _a0.00
995 _D0.00
_FCBU-MAIN LIBRARY (Kitwe)
_H1
_I300.00
_M1
_UDAMAGED
_ZMain Library Open Access Collection
999 _c57025
_d57025